[Event "9th Beirut Open 2017"]
[Site "Beirut"]
[Date "2017.09.30"]
[Round "1"]
[White "Kassas, Mohamad"]
[Black "Kotanjian, Tigran"]
[Result "0-1"]
[WhiteElo "1633"]
[BlackElo "2475"]
[Annotator "TA"]
[PlyCount "66"]
[EventDate "2017.??.??"]
[EventCountry "LBN"]
[SourceTitle "playchess.com"]
[Source "ChessBase"]
[SourceQuality "1"]

{[%evp 11,66,37,76,9,0,0,10,18,22,16,97,90,99,50,70,13,70,58,62,-111,-110,-118,28,22,87,-61,6,-10,-5,-44,-6,-8,-8,-8,-8,-166,-166,-172,-167,-177,-171,-181,-173,-193,-165,-262,-263,-412,-387,-806,-796,-5847,-1139,-5847,-5794,-5082,-3027]} 1. d4 Nf6 2. Nf3 g6 3. c4 Bg7 4. Bf4 O-O 5. Nc3 c5 6. d5 d6 7. e3 {E61: King's Indian: Early deviations for White, including Smyslov System} (7. e4 $16) 7... Nh5 $11 8. Bg5 h6 9. Bh4 {The position is equal.} g5 10. Nd2 gxh4 (10... Qb6 $11 11. Rb1 Bf5) 11. Qxh5 $16 e6 12. Nf3 $146 ({Predecessor:} 12. Bd3 Qg5 13. Qxg5 hxg5 {0-1 (59) Sakaev,K (2594)-Yuffa,D (2534) Sochi 2016}) 12... exd5 13. cxd5 (13. Nxd5 $14 Qa5+ 14. b4) 13... Nd7 (13... Qb6 $11 14. O-O-O Nd7) 14. Qxh4 $14 Qa5 15. Qc4 $2 (15. Rc1 $14) 15... Nb6 $17 {[%mdl 1024] Black has strong compensation.} 16. Qb3 {[#]} Bf5 (16... Nxd5 $1 $17 {[%mdl 512]} 17. Rc1 (17. Qxd5 Bxc3+) 17... Nxc3 18. bxc3 b5 $1 {[%mdl 512]}) 17. Nd2 $11 Rac8 (17... Qb4 $11) 18. e4 (18. Rc1 $16) 18... Bg6 (18... Rfe8 $15 19. f3 c4) 19. Be2 c4 $36 {[%mdl 2048] Black has the initiative.} 20. Qc2 Nxd5 (20... Rfe8 $5 {[%cal Rb6d5]} 21. O-O Nxd5 22. Nxc4 (22. Nxd5 Qxd5 23. Rad1 Bxe4 $17) 22... Qc5 23. Nxd5 Bxe4 $11) 21. Nxd5 Qxd5 22. exd5 Bxc2 23. Rc1 $2 {[#]} (23. Nxc4 $11 {and White is okay.} Rxc4 24. Bxc4 Bxb2 25. Kd2 Bxa1 26. Kxc2 (26. Rxa1 Rc8 $11)) 23... Bd3 $1 $19 24. Bxd3 cxd3 {[%cal Rc8c1]} 25. O-O Bxb2 26. Rb1 Rc2 27. Rfd1 Re8 {And now ...Re2 would win.} 28. g3 (28. Nf3 $142) 28... Bd4 29. Nf3 (29. Rb4 $142 Bb6 30. Re4) 29... Bxf2+ 30. Kf1 $2 (30. Kg2) 30... Bc5 {Black is clearly winning.} 31. Rxd3 Rf2+ 32. Kg1 Rxf3+ 33. Kg2 Rxd3 {Precision: White = 23%, Black = 46%.} 0-1

[Event "9th Beirut Open 2017"]
[Site "Beirut"]
[Date "2017.09.30"]
[Round "1"]
[White "Lakhoyan, Hrag"]
[Black "Gevorgyan, Maria"]
[Result "0-1"]
[WhiteElo "1582"]
[BlackElo "2262"]
[Annotator "NA"]
[PlyCount "108"]
[EventDate "2017.??.??"]
[EventCountry "LBN"]
[SourceTitle "playchess.com"]
[Source "ChessBase"]
[SourceQuality "1"]
[TimeControl "5400+30"]

1. d4 Nf6 2. Bf4 d5 3. e3 Bf5 4. Bd3 Bg6 5. c3 e6 6. Nf3 Nbd7 7. Qc2 c5 8. Nbd2 Rc8 9. Ne5 Nxe5 10. Bxe5 Nd7 11. Bxg6 hxg6 12. Bg3 Qb6 13. Nf3 Be7 14. O-O Nf6 15. Ne5 Qa6 16. a4 b6 17. Qb3 O-O 18. Qb5 Qb7 19. a5 Bd8 20. Nd3 a6 21. Qa4 c4 22. axb6 cxd3 23. Qxa6 Rb8 24. Bxb8 Qxb8 25. Qxd3 Bxb6 26. b3 e5 27. h3 g5 28. Qf5 Bc7 29. b4 Ne4 30. Rac1 g6 31. Qg4 exd4 32. exd4 Bf4 33. Rc2 Rc8 34. g3 Bd2 35. h4 Rxc3 36. Rxc3 Bxc3 37. hxg5 Bxd4 38. Kg2 Qxb4 39. Qc8+ Qf8 40. Qxf8+ Kxf8 41. Rd1 Bxf2 42. Rxd5 Bb6 43. Kf3 Nc5 44. Rd6 Bc7 45. Rc6 Ne6 46. Kg4 Bd8 47. Rc8 Kg7 48. Rc6 Nxg5 49. Kf4 Ne6+ 50. Kg4 Kh6 51. Rd6 Bc7 52. Rc6 Be5 53. Rc4 Ng5 54. Rc2 Ne4 0-1

[Event "9th Beirut Open 2017"]
[Site "Beirut"]
[Date "2017.09.30"]
[Round "1"]
[White "Eid, Wissam"]
[Black "Djikerian, Rafi"]
[Result "0-1"]
[WhiteElo "1531"]
[BlackElo "1835"]
[Annotator "NA"]
[PlyCount "40"]
[EventDate "2017.??.??"]
[EventCountry "LBN"]
[SourceTitle "playchess.com"]
[Source "ChessBase"]
[SourceQuality "1"]
[TimeControl "5400+30"]

1. e4 c5 2. Nf3 e6 3. d3 Nc6 4. g3 g6 5. Bg2 Bg7 6. O-O Nge7 7. Nc3 O-O 8. h3 Rb8 9. Nh2 b5 10. f4 b4 11. Ne2 Qb6 12. Kh1 d5 13. e5 Nf5 14. g4 Nh4 15. Qe1 Nxg2 16. Kxg2 Ne7 17. Qh4 d4 18. Rf2 f6 19. Nf3 fxe5 20. Qxe7 Bf6 0-1

[Event "9th Beirut Open 2017"]
[Site "Beirut"]
[Date "2017.09.30"]
[Round "1"]
[White "Kassar, Paul"]
[Black "Kassis, Antoine"]
[Result "0-1"]
[WhiteElo "1480"]
[BlackElo "2130"]
[Annotator "NA"]
[PlyCount "96"]
[EventDate "2017.??.??"]
[EventCountry "LBN"]
[SourceTitle "playchess.com"]
[Source "ChessBase"]
[SourceQuality "1"]
[TimeControl "5400+30"]

1. e4 c5 2. Nf3 Nc6 3. e5 Qc7 4. Qe2 g6 5. c3 Bg7 6. d4 cxd4 7. cxd4 Nxd4 8. Nxd4 Qxc1+ 9. Qd1 Qxb2 10. Nc2 Qxe5+ 11. Be2 Qa5+ 12. Nd2 Bxa1 13. Qxa1 Nf6 14. Qd4 O-O 15. O-O d6 16. Nb4 Be6 17. Ra1 Qe5 18. Qxe5 dxe5 19. a3 Rfd8 20. Nf3 a5 21. Nc2 Rac8 22. Ne3 e4 23. Ng5 Rd2 24. Bd1 Bd7 25. Bb3 e6 26. Nc4 Rd3 27. Rb1 Rxb3 28. Rxb3 Rxc4 29. g3 Bc6 30. Rb1 Rc2 31. Re1 Ng4 32. Nxe4 Bxe4 33. Rxe4 Nxf2 34. Rd4 Nh3+ 35. Kh1 e5 36. Rh4 Nf2+ 37. Kg1 e4 38. Kf1 e3 39. Re4 Nxe4 40. Ke1 Rxh2 41. g4 Ng3 42. Kd1 Rd2+ 43. Ke1 Ra2 44. Kd1 e2+ 45. Ke1 Ra1+ 46. Kf2 e1=Q+ 47. Kf3 Rxa3+ 48. Kf4 Qe3# 0-1

[Event "9th Beirut Open 2017"]
[Site "Beirut"]
[Date "2017.09.30"]
[Round "1"]
[White "Elghazzawi, Omar"]
[Black "Khader, Aram"]
[Result "0-1"]
[WhiteElo "1332"]
[BlackElo "2101"]
[Annotator "NA"]
[PlyCount "86"]
[EventDate "2017.??.??"]
[EventCountry "LBN"]
[SourceTitle "playchess.com"]
[Source "ChessBase"]
[SourceQuality "1"]
[TimeControl "5400+30"]

1. e4 c5 2. Nf3 e6 3. d4 cxd4 4. Nxd4 a6 5. Nc3 Qc7 6. a3 Nf6 7. Bg5 Be7 8. Be2 h6 9. Be3 Nc6 10. O-O d6 11. Qd2 Bd7 12. Bf3 Ne5 13. Rab1 Nc4 14. Qe1 Rc8 15. h3 b5 16. Bd2 O-O 17. Qe2 Rb8 18. Nd1 Rfc8 19. c3 e5 20. Nc2 d5 21. Be1 dxe4 22. Bxe4 Nd6 23. f3 Ndxe4 24. fxe4 Qc4 25. Qxc4 bxc4 26. Nf2 Bc6 27. Nb4 a5 28. Nxc6 Rxc6 29. Bd2 Rcb6 30. Nd1 Bc5+ 31. Kh2 Nxe4 32. Be3 Bxe3 33. Nxe3 Nd2 34. Rbd1 Nxf1+ 35. Rxf1 Rxb2 36. Nxc4 Rc2 37. Nxe5 Rbb2 38. Rg1 Rxc3 39. Rf1 Rcc2 40. Rg1 Ra2 41. h4 Rxa3 42. h5 Rc5 43. Re1 f6 0-1

[Event "9th Beirut Open 2017"]
[Site "Beirut"]
[Date "2017.09.30"]
[Round "1"]
[White "Badieh, Mahmoud"]
[Black "Asmar, Elie"]
[Result "0-1"]
[WhiteElo "1262"]
[BlackElo "2061"]
[Annotator "NA"]
[PlyCount "94"]
[EventDate "2017.??.??"]
[EventCountry "LBN"]
[SourceTitle "playchess.com"]
[Source "ChessBase"]
[SourceQuality "1"]
[TimeControl "5400+30"]

1. d4 Nf6 2. Nf3 d5 3. e3 Bf5 4. c4 c6 5. Nc3 e6 6. cxd5 exd5 7. Bd3 Bg4 8. h3 Bh5 9. Be2 Nbd7 10. Ng5 Bxe2 11. Qxe2 h6 12. Nf3 Bd6 13. Bd2 O-O 14. O-O Re8 15. Rac1 Ne4 16. Rfe1 Ndf6 17. Nh4 Nxc3 18. Bxc3 Ne4 19. Nf3 Re6 20. Nd2 Qh4 21. Nxe4 Qxe4 22. Qg4 Qxg4 23. hxg4 Rae8 24. Re2 Re4 25. f3 Rxe3 26. Rxe3 Rxe3 27. Re1 Rxe1+ 28. Bxe1 Kf8 29. Kf2 Ke7 30. Ke3 c5 31. dxc5 Bxc5+ 32. Kd3 Ke6 33. f4 f5 34. gxf5+ Kxf5 35. g3 g6 36. a3 h5 37. b4 Bg1 38. a4 a6 39. a5 Ba7 40. Ke2 Ke4 41. Bc3 d4 42. Be1 d3+ 43. Kd2 Be3+ 44. Kd1 Kf3 45. Bd2 Bxd2 46. Kxd2 Kxg3 47. Kxd3 h4 0-1

[Event "9th Beirut Open 2017"]
[Site "Beirut"]
[Date "2017.10.01"]
[Round "2"]
[White "Demchenko, Anton"]
[Black "Novikova, Margarita"]
[Result "1-0"]
[WhiteElo "2649"]
[BlackElo "2004"]
[Annotator "TA"]
[PlyCount "56"]
[EventDate "2017.??.??"]
[EventCountry "LBN"]
[SourceTitle "playchess.com"]
[Source "ChessBase"]
[SourceQuality "1"]

{[%evp 10,56,59,28,82,65,102,79,80,79,83,75,82,86,135,137,145,134,140,151,148,149,301,168,169,172,217,216,190,193,407,366,378,369,362,380,460,449,445,587,590,571,1760,1741,2072,2031,29991,29992,29999]} 1. e4 g6 2. d4 Bg7 3. Nc3 d6 4. Be3 c6 5. Qd2 Nd7 6. f3 {LiveBook: 104 Games} h6 {B06: Modern Defence} (6... b5 $11) (6... b5 7. h4 h5 8. Nh3 Nb6 9. b3 Nf6 10. Ng5 Qc7 11. Bd3 a6 12. a4 Rb8 13. axb5 axb5 14. Ne2 O-O 15. O-O e5 16. dxe5 dxe5 {½-½ (52) Cheparinov,I (2679)-Mamedov,R (2638) Budva 2009}) 7. Nh3 $146 ({Predecessor:} 7. h4 Qc7 8. g4 a6 9. Bd3 b5 10. Nge2 Bb7 11. Ng3 e6 12. Nce2 c5 13. c3 {1-0 (57) Jerez Perez,A (2388)-Zancas Vidal,F (2027) Barcelona 2009}) 7... Qc7 8. Nf2 b5 {White is better.} 9. Be2 Nb6 10. O-O e6 11. a4 Nc4 12. Bxc4 $1 bxc4 {[#]} 13. d5 $1 $36 {[%mdl 2048] White is in control.} cxd5 14. exd5 a6 15. dxe6 fxe6 $2 (15... Bxe6 $16 16. Nfe4 O-O-O) 16. Bf4 (16. Nfe4 $142) 16... e5 $18 17. Be3 Ne7 18. Nfe4 Nf5 19. Rad1 Nd4 $2 {[#]} (19... O-O) 20. Nd5 Qc6 21. Nb4 (21. Bxd4 Qxd5 22. Bc3 Qxd2 $18) 21... Qd7 22. c3 ({But not} 22. Bxd4 exd4 23. Qf4 (23. Qe2 O-O $16) 23... Rf8 $18) 22... Nf5 23. g4 Nxe3 24. Nxd6+ ({Weaker is} 24. Qxe3 O-O $18) 24... Kf8 25. Qxe3 Qxa4 26. Qe4 Rb8 27. Nc6 Bf5 28. Qd5 {[%csl Gd6][%cal Rd5f7]} Ra8 {Precision: White = 74%, Black = 24%.} 1-0

[Event "9th Beirut Open 2017"]
[Site "Beirut"]
[Date "2017.10.01"]
[Round "2"]
[White "Yilmaz, Mustafa"]
[Black "Zeidan, Mohammad"]
[Result "1-0"]
[WhiteElo "2633"]
[BlackElo "1988"]
[Annotator "TA"]
[PlyCount "41"]
[EventDate "2017.??.??"]
[EventCountry "LBN"]
[SourceTitle "playchess.com"]
[Source "ChessBase"]
[SourceQuality "1"]

{[%evp 18,41,33,33,21,25,25,25,113,97,105,91,100,94,105,96,273,291,313,303,312,314,343,331,329,339]} 1. d4 Nf6 2. c4 g6 3. g3 Bg7 4. Bg2 d6 5. Nf3 O-O 6. O-O Nbd7 7. Nc3 c6 8. e4 e5 9. b3 {[%cal Bb2b3,Bb3b4][%mdl 32]} Re8 10. Be3 {LiveBook: 11 Partien. E68: Königsindisch (Hauptvariante des g3-Systems mit e2-e4)} Qe7 $146 ({Vorgänger:} 10... exd4 11. Nxd4 Nc5 12. f3 Qe7 13. Re1 a5 14. Qc2 Be6 15. Rad1 a4 16. b4 Ncd7 17. Nxe6 Qxe6 18. Nxa4 {0-1 (59) Kramnik,V (2803)-Nakamura,H (2784) Moscow 2013}) 11. Re1 a6 12. d5 {Weiß hat minimalen Vorteil.} c5 (12... cxd5 $11 {hält das Gleichgewicht.} 13. exd5 (13. cxd5 b6 $14) (13. Nxd5 Nxd5 14. cxd5 Nf6 $14) 13... b6) 13. a3 Rb8 14. b4 Ng4 15. Bg5 $36 {[%mdl 2048] Weiss hat starke Initiative.} f6 16. Bd2 Bh6 $2 {[#]} (16... Nh6 $16) 17. h3 $1 $18 {[%cal Rh3g4] Weiß hat entscheidenden Vorteil.} Bxd2 18. Qxd2 Nxf2 19. Qxf2 b5 20. cxb5 axb5 21. Nd2 {Precision: Weiß = 68%, Schwarz = 24%.} 1-0

[Event "9th Beirut Open 2017"]
[Site "Beirut"]
[Date "2017.10.01"]
[Round "2"]
[White "Kiriakov, Petr"]
[Black "Nassar, Marc"]
[Result "1-0"]
[WhiteElo "2543"]
[BlackElo "1911"]
[Annotator "TA"]
[PlyCount "89"]
[EventDate "2017.??.??"]
[EventCountry "LBN"]
[SourceTitle "playchess.com"]
[Source "ChessBase"]
[SourceQuality "1"]

{[%evp 14,89,77,77,74,50,48,46,79,47,83,61,112,118,178,165,171,147,200,147,153,143,155,141,152,123,144,116,110,105,213,216,263,268,260,256,257,262,283,263,253,258,288,276,277,277,300,291,327,298,361,331,730,638,718,631,1272,1098,1028,1024,997,972,29986,1023,958,825,920,914,1029,1038,1233,1196,1593,1509,2714,2597,29991,29989]} 1. d4 c5 2. d5 d6 3. c4 e5 4. e4 Nf6 5. Nc3 Nbd7 6. Bd3 Be7 7. Nf3 O-O 8. h3 {LiveBook: 46 Games} Re8 {A56: Czech Benoni} (8... Ne8 9. a3 g6 10. Bh6 Ng7 11. g4 Nf6 12. Ne2 Bd7 13. b4 b6 14. Ng3 Kh8 15. Be3 Qc7 16. Rb1 Rab8 {½-½ (66) Batchuluun,T (2499)-Rozum,I (2581) Vladivostok 2016}) 9. a3 Nf8 10. b4 Ng6 $146 {White is slightly better.} ({Predecessor:} 10... b6 11. Rb1 Ng6 12. g3 cxb4 13. axb4 a5 14. Be3 axb4 15. Rxb4 {1-0 (46) Lukov,V (2439)-Pira,D (2382) St Quentin 1999}) 11. g3 Nd7 12. Be3 a5 (12... a6 $14) 13. bxc5 $16 dxc5 (13... Nxc5 $16 {was necessary.} 14. Bxc5 dxc5) 14. Rb1 $18 Bd6 15. Bc2 Rf8 (15... h6 $16 16. Kf1 b6) 16. Nd2 Ne7 17. Nb5 Bb8 18. Qe2 b6 19. Qd3 Kh8 20. Kd1 {[%cal Be1d1,Bd1c1,Bc1b2,Bb2a1][%mdl 32]} Nf6 21. Kc1 Nfg8 {[#]} (21... Ng6 $16) 22. f4 $1 {[%cal Bf2f4,Bf4f5][%mdl 32]} Ng6 {[%cal Re5f4]} 23. f5 N6e7 24. g4 Ba6 25. Nc3 Nc8 26. Kb2 Nd6 27. Ka1 Ba7 28. Ba4 f6 29. h4 Ne7 30. g5 {[%cal Bg4g5,Bg5g6][%mdl 32]} Rg8 31. Rhg1 Qf8 32. Qe2 Nf7 $2 (32... Rd8 33. Rg2 Rb8) 33. g6 Nh6 34. Qh5 Bc8 35. gxh7 Kxh7 36. d6 {[%cal Bd5d6,Bd6d7][%mdl 32] [#] Intending Bxh6 and mate.} Nexf5 37. exf5 {[%cal Be4f5,Bf5g6][%mdl 32]} Qf7 38. Qg6+ (38. Rg6 $142 Qf8 39. d7 Bxd7 40. Bxd7 Rb8 41. Nde4 Re8 42. Bxh6 Rh8 43. Bxg7+ Kg8 44. Bxh8+ Qg7 45. Rxg7+ Kf8 46. Qxe8#) 38... Qxg6 39. fxg6+ Kh8 40. Bxh6 gxh6 41. d7 Bb7 42. Nde4 {[%cal Bd2e4,Be4d6,Bd6e8][%mdl 32]} Kg7 43. Nd6 Bf3 44. Rbf1 Bh5 45. Ne8+ {Precision: White = 68%, Black = 30%.} 1-0

[Event "9th Beirut Open 2017"]
[Site "Beirut"]
[Date "2017.10.01"]
[Round "2"]
[White "Kotanjian, Tigran"]
[Black "Habash, Mohamad"]
[Result "1-0"]
[WhiteElo "2475"]
[BlackElo "1834"]
[Annotator "TA"]
[PlyCount "67"]
[EventDate "2017.??.??"]
[EventCountry "LBN"]
[SourceTitle "playchess.com"]
[Source "ChessBase"]
[SourceQuality "1"]

{[%evp 14,67,40,0,3,11,50,30,78,69,67,41,56,57,61,63,69,54,72,67,108,93,110,68,118,116,128,138,142,151,254,240,405,392,404,304,534,326,710,701,690,496,488,486,766,735,792,779,775,737,1430,756,29993,29994,29998,29999]} 1. d4 Nf6 2. c4 e6 3. Nc3 Bb4 4. Qc2 O-O 5. a3 Bxc3+ 6. Qxc3 b6 7. Bg5 d6 {E32: Nimzo-Indian: Classical (4 Qc2): 4...0-0} (7... Bb7 8. e3 d6 9. Ne2 Nbd7 10. Qc2 Re8 11. Nc3 Nf8 12. f3 h6 13. Bh4 Ng6 14. Bf2 c5 15. Rd1 Qe7 16. Be2 cxd4 17. Rxd4 {0-1 (55) Akobian,V (2673)-Moiseenko,A (2676) Khanty-Mansiysk 2017}) 8. f3 {LiveBook: 18 Games} (8. Qf3 $5 {[%cal Rf3a8]} c6 9. e3 $11) 8... Re8 9. e4 e5 {The position is equal.} 10. d5 Nbd7 {[#]} 11. Qc2 $1 a5 $146 ({Predecessor:} 11... Nf8 12. Bd3 Ng6 13. Ne2 h6 14. Be3 Nh5 15. O-O {1-0 (36) Handler,L-Dicu,R (2023) Herceg Novi 2008}) 12. b3 Nf8 13. Ne2 h6 14. Be3 Ng6 15. Nc3 Nh5 16. g3 Bd7 17. Bd3 Qc8 18. O-O Nf6 19. b4 Bh3 20. Rfc1 h5 21. c5 h4 (21... axb4 $16 22. axb4 Qb8) 22. cxb6 $18 hxg3 $2 (22... cxb6 {keeps fighting.} 23. Nb5 (23. Bxb6 axb4 24. axb4 Qb7 $18) 23... Qb8) 23. hxg3 cxb6 24. Nb5 {[#] Black must now prevent Qh2.} axb4 $2 (24... Qd7 25. Qc6 Rec8) 25. axb4 Nh5 $2 (25... Rxa1 26. Qxc8 Rxc8 27. Rxa1 Bd7 28. Nxd6 Rc3) 26. Rxa8 Qxa8 27. Qh2 Bd7 28. Qxh5 Bxb5 (28... Qa6 $142 29. Rc6 Bxc6 30. dxc6 Qa4) 29. Bxb5 Qa3 30. Kf2 Ra8 31. Be2 Qxb4 32. Qf5 Ra3 33. Rc7 Rxe3 34. Qxf7+ {Precision: White = 60%, Black = 23%.} 1-0

[Event "9th Beirut Open 2017"]
[Site "Beirut"]
[Date "2017.10.01"]
[Round "2"]
[White "Gevorgyan, Maria"]
[Black "Said, Riad"]
[Result "1-0"]
[WhiteElo "2262"]
[BlackElo "1793"]
[Annotator "NA"]
[PlyCount "92"]
[EventDate "2017.??.??"]
[EventCountry "LBN"]
[SourceTitle "playchess.com"]
[Source "ChessBase"]
[SourceQuality "1"]
[TimeControl "5400+30"]

1. e4 c5 2. Nc3 g6 3. d4 cxd4 4. Qxd4 Nf6 5. Bb5 Bg7 6. e5 Ng8 7. Bf4 Nc6 8. Qe3 h5 9. O-O-O Nh6 10. h3 Nf5 11. Qe4 Qa5 12. Nf3 a6 13. Bxc6 dxc6 14. Nd2 Qb6 15. g4 hxg4 16. hxg4 Nh6 17. Nc4 Qxf2 18. Be3 f5 19. Qd3 Qf3 20. Nb6 Rb8 21. Nxc8 Rxc8 22. Qd7+ Kf7 23. e6+ Kg8 24. Bxh6 Bxh6+ 25. Rxh6 Rxh6 26. Qxc8+ Kg7 27. Qe8 Qe3+ 28. Kb1 Qxe6 29. gxf5 gxf5 30. Rg1+ Rg6 31. Rxg6+ Qxg6 32. Qxe7+ Kh6 33. b3 b5 34. Ne2 Qg4 35. Qe3+ Kh5 36. Nf4+ Kh4 37. Nd3 Qe4 38. Qf2+ Kg5 39. Qg3+ Qg4 40. Qe3+ f4 41. Qe7+ Kh5 42. Qf6 Qg5 43. Nxf4+ Kg4 44. Qxg5+ Kxg5 45. Nd3 Kf5 46. Nb4 c5 1-0

[Event "9th Beirut Open 2017"]
[Site "Beirut"]
[Date "2017.10.01"]
[Round "2"]
[White "Najjar, Ahmad"]
[Black "Moughames, Ronald"]
[Result "1-0"]
[WhiteElo "2242"]
[BlackElo "1769"]
[Annotator "NA"]
[PlyCount "63"]
[EventDate "2017.??.??"]
[EventCountry "LBN"]
[SourceTitle "playchess.com"]
[Source "ChessBase"]
[SourceQuality "1"]
[TimeControl "5400+30"]

1. d4 Nf6 2. Nf3 g6 3. Bf4 Bg7 4. e3 O-O 5. Be2 c5 6. c3 cxd4 7. cxd4 d5 8. O-O Nc6 9. Nc3 Nh5 10. Bg3 h6 11. Bh4 Bg4 12. Qb3 g5 13. Bg3 Nxg3 14. hxg3 e5 15. dxe5 Bxf3 16. Bxf3 d4 17. exd4 Nxd4 18. Qxb7 Nxf3+ 19. Qxf3 Bxe5 20. Rad1 Qf6 21. Rd3 Rab8 22. b3 Rfd8 23. Nd5 Qxf3 24. gxf3 Kf8 25. Rfd1 Rb5 26. Kg2 Rc5 27. Ne3 Rxd3 28. Rxd3 Bc7 29. b4 Rc1 30. a4 Rb1 31. b5 Rb4 32. Nd5 1-0

[Event "9th Beirut Open 2017"]
[Site "Beirut"]
[Date "2017.10.01"]
[Round "2"]
[White "El Jawich, Amro"]
[Black "Jabr, Bernard"]
[Result "1-0"]
[WhiteElo "2230"]
[BlackElo "1721"]
[Annotator "NA"]
[PlyCount "35"]
[EventDate "2017.??.??"]
[EventCountry "LBN"]
[SourceTitle "playchess.com"]
[Source "ChessBase"]
[SourceQuality "1"]
[TimeControl "5400+30"]

1. e4 d5 2. exd5 Nf6 3. d4 c6 4. dxc6 Qc7 5. Nf3 Nxc6 6. Be2 Bg4 7. c3 O-O-O 8. Na3 e5 9. Nb5 Qd7 10. dxe5 Qe6 11. Nbd4 Nxd4 12. cxd4 Bxf3 13. Bxf3 Bb4+ 14. Kf1 Qc4+ 15. Qe2 Qxd4 16. exf6 Rhe8 17. Be3 Qxf6 18. Qc4+ 1-0

[Event "9th Beirut Open 2017"]
[Site "Beirut"]
[Date "2017.10.01"]
[Round "2"]
[White "Kassis, Antoine"]
[Black "Fawaz, Kassem"]
[Result "1-0"]
[WhiteElo "2130"]
[BlackElo "1719"]
[Annotator "NA"]
[PlyCount "101"]
[EventDate "2017.??.??"]
[EventCountry "LBN"]
[SourceTitle "playchess.com"]
[Source "ChessBase"]
[SourceQuality "1"]
[TimeControl "5400+30"]

1. e4 e5 2. Nc3 Nf6 3. f4 Nc6 4. fxe5 Nxe5 5. d4 Nc6 6. e5 Ng8 7. Nf3 d6 8. Bc4 dxe5 9. O-O f5 10. Nxe5 Nxe5 11. Re1 Bd6 12. Bf4 Bd7 13. Bxe5 Bxe5 14. Rxe5+ Kf8 15. Qf3 c6 16. Rae1 Qf6 17. Qe3 g6 18. d5 Qd6 19. dxc6 bxc6 20. Rd1 Qc7 21. Qc5+ Kg7 22. Qd4 Qb6 23. Qxb6 axb6 24. Rxd7+ Kh6 25. Bxg8 Rhxg8 26. Ree7 Rh8 27. a3 Rae8 28. Kf2 Rxe7 29. Rxe7 Rd8 30. Ke2 b5 31. Re6 Rc8 32. Ke3 Kg5 33. Ne2 c5 34. Rb6 b4 35. axb4 cxb4 36. Nd4 f4+ 37. Kd3 Kg4 38. Rxb4 Rd8 39. c4 h5 40. c5 h4 41. Ke2 Re8+ 42. Kf2 h3 43. gxh3+ Kxh3 44. Nf3 Kg4 45. Rb6 Kh5 46. c6 g5 47. Rb5 Rc8 48. Rxg5+ Kh6 49. Rc5 Rb8 50. Rc2 Kh5 51. c7 1-0

[Event "9th Beirut Open 2017"]
[Site "Beirut"]
[Date "2017.10.01"]
[Round "2"]
[White "Khader, Aram"]
[Black "Fakoua, Khalil"]
[Result "1-0"]
[WhiteElo "2101"]
[BlackElo "1383"]
[Annotator "NA"]
[PlyCount "65"]
[EventDate "2017.??.??"]
[EventCountry "LBN"]
[SourceTitle "playchess.com"]
[Source "ChessBase"]
[SourceQuality "1"]
[TimeControl "5400+30"]

1. e4 c5 2. Nf3 d6 3. d4 cxd4 4. Nxd4 Nf6 5. Nc3 g6 6. Be3 Bg7 7. f3 O-O 8. Qd2 Nc6 9. O-O-O Re8 10. g4 Ne5 11. h4 Qa5 12. Kb1 Nfd7 13. Be2 Nb6 14. Nb3 Nec4 15. Nxa5 Nxd2+ 16. Rxd2 Nd7 17. Nd5 Rd8 18. Nxe7+ Kh8 19. h5 Re8 20. Nd5 Nc5 21. Nc7 Be6 22. Nxa8 Rxa8 23. Bxc5 dxc5 24. hxg6 fxg6 25. Nxb7 Rb8 26. Rd8+ Rxd8 27. Nxd8 Bd7 28. Nf7+ Kg8 29. Bc4 Kf8 30. Rxh7 Bd4 31. Nd6 Bg7 32. e5 Bc6 33. f4 1-0

[Event "9th Beirut Open 2017"]
[Site "Beirut"]
[Date "2017.10.01"]
[Round "2"]
[White "Khechen, Nabil E"]
[Black "Volkov, Sergey"]
[Result "0-1"]
[WhiteElo "1956"]
[BlackElo "2638"]
[Annotator "TA"]
[PlyCount "106"]
[EventDate "2017.??.??"]
[EventCountry "LBN"]
[SourceTitle "playchess.com"]
[Source "ChessBase"]
[SourceQuality "1"]

{[%evp 15,106,-28,-31,-52,7,-29,-25,-23,9,4,6,-2,0,0,0,0,0,-25,-18,-22,0,0,29,25,16,24,47,31,37,28,29,34,43,34,34,43,43,22,30,29,49,49,52,35,27,0,0,0,0,0,0,0,0,0,0,-218,-197,-218,-189,-5093,-5085,-5073,-5073,-5065,-4133,-1495,-5073,-1607,0,-29981,-29982,-29981,-29982,-29982,-29983,-29985,-29986,-29986,-29987,-29987,-29988,-29988,-29989,-29989,-29990,-29990,-29991,-29991,-29992,-29993,-29994,-29994,-29995]} 1. d4 d5 2. Nf3 c5 3. c3 Nf6 4. Bf4 Nc6 5. e3 Qb6 6. Qb3 c4 7. Qc2 Bf5 8. Qc1 Nh5 {LiveBook: 62 Games. D02: 1 d4 d5 2 Nf3 sidelines, including 2...Nf6 3 g3 and 2...Nf6 3 Bf4} (8... h6 9. h3 e6 10. Nbd2 Be7 11. Be2 Qd8 12. Ne5 Nxe5 13. Bxe5 O-O 14. O-O b5 15. Re1 Ne4 16. Bf3 Ng5 17. Bd1 {½-½ (36) Stupak,K (2573)-Gelfand,B (2729) Tbilisi 2017}) 9. Nh4 Bg6 $146 (9... Bd7 $15) ({Predecessor:} 9... Bd7 10. Bg3 Nxg3 11. hxg3 e5 12. dxe5 Nxe5 13. Nd2 Qh6 14. e4 g5 15. exd5 O-O-O 16. Ndf3 {0-1 (34) Chojnacki,S (2255)-Winiarski,M (2300) Jastrzebia Gora 2016}) 10. Nd2 Nxf4 {Black has an edge.} 11. exf4 e6 12. Nxg6 hxg6 13. Nf3 Bd6 14. g3 Qc7 15. Bg2 b5 16. Qe3 b4 17. O-O bxc3 18. bxc3 O-O 19. Ng5 Ne7 20. Qe2 Rab8 21. Bh3 Nf5 22. Bxf5 exf5 23. Rfe1 Qc6 24. h4 Rfe8 25. Qc2 Qd7 26. Kg2 f6 27. Nf3 Ba3 28. Rab1 Rb6 29. Rxe8+ Qxe8 30. Rxb6 axb6 31. h5 {aiming for hxg6.} Qe4 $36 {[%mdl 2048] Black is pushing.} 32. Qa4 g5 $1 {[%cal Rg5g4]} 33. fxg5 fxg5 {[%cal Bf6g5,Bg5g4,Bg4f3][%mdl 32]} 34. Qxa3 g4 35. Qc1 $2 (35. Qd6 $11 {and White is okay.}) 35... gxf3+ $19 {[%mdl 4096] Endgame KQ-KQ} ({Inferior is} 35... Qxf3+ 36. Kg1 $11) 36. Kg1 Kh7 $1 37. Qe3 $2 (37. a3) 37... Qxe3 38. fxe3 {KP-KP} Kh6 39. Kf2 Kxh5 {( -> ...Kg4)} 40. Kxf3 Kg5 (40... b5 $142 41. a3 Kg5) 41. a4 {[#]} g6 $2 ({Black should play} 41... Kg6 $1 $19 {Hoping for ...Kg5.} 42. Kf4 Kf6) 42. Ke2 $2 {[%mdl 8192]} (42. Kg2 $11) 42... Kg4 {Black mates.} 43. Kf2 {[#]} Kh3 $1 44. Kf3 g5 45. g4 fxg4+ 46. Kf2 Kh2 47. e4 g3+ 48. Kf3 g2 49. exd5 g1=Q 50. Ke4 Qg4+ 51. Ke5 Qd7 52. d6 g4 {[%cal Bg5g4,Bg4g3][%mdl 32]} 53. Kd5 g3 {Precision: White = 53%, Black = 73%.} 0-1